Practical art of motion picture sound

Focusing on the subject of sound for films, this title provides real-life examples and relevant technical data. It covers popular sound editing systems such as Pro Tools and Final Cut Pro

সংরক্ষণ করুন:
গ্রন্থ-পঞ্জীর বিবরন
প্রধান লেখক: Yewdall, David Lewis
বিন্যাস: গ্রন্থ
ভাষা:Undetermined
প্রকাশিত: Burlington, MA Focal Press 2007
বিষয়গুলি:
ট্যাগগুলো: ট্যাগ যুক্ত করুন
কোনো ট্যাগ নেই, প্রথমজন হিসাবে ট্যাগ করুন!
Thư viện lưu trữ: Trung tâm Học liệu Trường Đại học Cần Thơ
LEADER 00848nam a2200217Ia 4500
001 CTU_187971
008 210402s9999 xx 000 0 und d
020 |c 1200000 
082 |a 778.52344 
082 |b Y37 
100 |a Yewdall, David Lewis 
245 0 |a Practical art of motion picture sound 
245 0 |c David Lewis Yewdall 
260 |a Burlington, MA 
260 |b Focal Press 
260 |c 2007 
520 |a Focusing on the subject of sound for films, this title provides real-life examples and relevant technical data. It covers popular sound editing systems such as Pro Tools and Final Cut Pro 
650 |a Television broadcasting,Sound motion pictures,Television,Hình ảnh chuyển động âm thanh 
650 |x Sound effects 
910 |a Bé Thảo,Hải 
980 |a Trung tâm Học liệu Trường Đại học Cần Thơ